|
|
|
|
| LEADER |
00000nam a22000005a 4500 |
| 001 |
vtls010480744 |
| 003 |
SK-MaSNL |
| 005 |
20260302090853.0 |
| 008 |
160430s2012 xo 000 0 slo |
| 015 |
|
|
|a SNBA2013
|
| 020 |
|
|
|a 9788055208831 (brož.)
|
| 035 |
|
|
|a 8BB811C8-8DE9-47DF-AC3C-DE9F4218F63A
|
| 035 |
|
|
|a urn:nbn:sk:snk-amjygc
|
| 035 |
|
|
|a urn:nbn:sk:snk-am0083vf
|
| 040 |
|
|
|a SNK
|b slo
|c SNK
|e AACR2
|
| 041 |
0 |
|
|a slo
|
| 044 |
|
|
|a xo
|c SK
|
| 072 |
|
7 |
|a 591
|x Všeobecná zoológia
|2 konspekt
|
| 072 |
|
7 |
|a 577
|x Biochémia. Molekulárna biológia. Biofyzika
|2 konspekt
|
| 072 |
|
7 |
|a 37.016
|x Učebné osnovy. Vyučovacie predmety. Učebnice
|2 konspekt
|
| 080 |
|
|
|a 591.1
|2 2001
|
| 080 |
|
|
|a 577.1
|2 2001
|
| 080 |
|
|
|a 573.6
|2 2001
|
| 080 |
|
|
|a (075.8)
|2 2001
|
| 245 |
1 |
0 |
|a Repetitórium molekulovej fyziológie
|c Norbert Lukáč ... [et al.]
|
| 250 |
|
|
|a 2. nezmen. vyd.
|
| 260 |
|
|
|a Nitra
|b Slovenská poľnohospodárska univerzita, Fakulta biotechnológie a potravinárstva
|c 2012
|
| 300 |
|
|
|a 157 s.
|b grafy, obr., tab.
|c 30 cm
|
| 366 |
|
|
|e 200 výtl.
|
| 504 |
|
|
|a Bibliogr. s. 157
|
| 521 |
|
|
|a Pre študentov SPU
|
| 650 |
0 |
7 |
|a fyziológia živočíchov
|2 SNKPH
|9 1093
|
| 650 |
0 |
7 |
|a molekulárna fyziológia
|2 SNKPH
|9 155565
|
| 650 |
0 |
7 |
|a Animal physiology
|2 SNKPHeng
|9 318521
|
| 650 |
0 |
7 |
|a Molecular physiology
|2 SNKPHeng
|9 758760
|
| 655 |
|
7 |
|a učebnice vysokých škôl
|2 SNKPH
|9 70191
|
| 655 |
|
7 |
|a Textbooks (higher)
|2 SNKPHeng
|9 276436
|
| 700 |
1 |
|
|a Lukáč, Norbert,
|d 1969-
|4 aut
|9 193113
|
| 700 |
1 |
|
|a Capcarová, Marcela,
|d 1975-
|4 aut
|9 189256
|
| 700 |
1 |
|
|a Kolesárová, Adriana,
|d 1975-
|4 aut
|9 173152
|
| 700 |
1 |
|
|a Kováčik, Jaroslav,
|d 1952-
|4 aut
|9 105034
|
| 700 |
1 |
|
|a Massanyi, Peter,
|d 1968-
|4 aut
|9 12713
|
| 919 |
|
|
|a 978-80-552-0883-1
|
| 958 |
|
|
|a NB
|
| 999 |
|
|
|c 1198358
|d 1200288
|
| 952 |
|
|
|a SNK
|b SNK
|y PREZ
|7 0
|p 17A1059914
|o snkSB 84262
|i snk2013/48
|8 0
|0 0
|1 0
|4 0
|d 2013-01-02
|f 1
|l 0
|r 2025-05-06 00:00:00
|w 2026-02-24
|
| 952 |
|
|
|a SNK
|b SNK
|y VYP
|7 0
|p 17A1059915
|o snkSB 84262 D1
|i snk2013/49
|8 0
|0 0
|1 0
|4 0
|d 2013-01-02
|l 0
|r 2016-06-30 00:00:00
|w 2026-02-24
|